000 004350000a22001330004500
090 _aAS
_bSeriadas
245 1 0 _aStaurastrum volans var., an interesting desmid taxon in the Phytoplankton of laguna Fuquene (<Colombia>)
041 0 _aEspaƱol
700 1 _aDonato, John Ch.
_999114
700 1 _aDuque, Santiago R.
_913847
100 1 _aCoesel, Peter F. M.
_999243
942 _cARTICULO
773 1 _tCaldasia
_345
_h68-70
_q407-414
_d1986
_g14
999 _c14422
_d14422